Normal view
MARC view
Entry Topical Term
001 - CONTROL NUMBER
- control field: 21746
003 - CONTROL NUMBER IDENTIFIER
- control field: OSt
005 - DATE AND TIME OF LATEST TRANSACTION
- control field: 20130711115402.0
008 - FIXED-LENGTH DATA ELEMENTS
- fixed length control field: 130711|| aca||aabn | a|a d
040 ## - CATALOGING SOURCE
- Original cataloging agency: OSt
- Transcribing agency: OSt
600 ## -
- : Islam
- : Indexes.
670 ## - SOURCE DATA FOUND
- Source citation: Work cat.: (OSt)0: The Encyclopaedia of Islam, new edition. Glossary and index of terms to volumes I-IX and to the supplement, fascicules 1-6 /, 2000.
